[Event "TCh-FRA Top 12 2016"]
[Site "Drancy FRA"]
[Date "2016.06.05"]
[Round "9.5"]
[Board "2"]
[White "Ipatov, Alexander"]
[Black "Wagner, Dennis"]
[Result "1-0"]
[WhiteTitle "GM"]
[BlackTitle "GM"]
[WhiteElo "2648"]
[BlackElo "2571"]
[WhiteTeam "C.E. de BOIS COLOMBES"]
[BlackTeam "NICE Alekhine"]
[WhiteFideId "14116731"]
[BlackFideId "24650684"]
[EventDate "2016.05.28"]

1. d4 Nf6 2. Bf4 d5 3. e3 c5 4. c3 Nc6 5. Nd2 Bf5 6. Ngf3 e6 7. Qb3 Qc8 8. Be2
h6 9. h3 Be7 10. a4 O-O 11. O-O b6 12. Rfc1 c4 13. Qd1 a6 14. b4 b5 15. Ra2 Qb7
16. Rca1 Nd7 17. Qe1 Nb6 18. Bd1 Bd3 19. Nf1 Rfe8 20. Bh2 Bf8 21. Ng3 Rad8 22.
Ne5 Nxe5 23. dxe5 g6 24. Ne2 Bxe2 25. Qxe2 Bg7 26. h4 Nd7 27. axb5 axb5 28. Ra7
Qb8 29. f4 h5 30. g4 hxg4 31. Qxg4 Qb6 32. Kf2 Nb8 33. h5 gxh5 34. Qxh5 Rd7 35.
Ra8 Red8 36. Bc2 d4 37. cxd4 Nc6 38. Rg1 Rxa8 39. Qh7+ Kf8 40. Qxg7+ Ke7 41.
Qf6+ Kf8 42. Qh8+ Ke7 43. Qxa8 Ra7 44. Qc8 Ra2 45. Bg3 Rxc2+ 46. Kf3 1-0

[Event "TCh-FRA Top 12 2016"]
[Site "Drancy FRA"]
[Date "2016.06.05"]
[Round "9.5"]
[Board "3"]
[White "Palac, Mladen"]
[Black "Bachmann, Axel"]
[Result "1-0"]
[WhiteTitle "GM"]
[BlackTitle "GM"]
[WhiteElo "2577"]
[BlackElo "2632"]
[WhiteTeam "NICE Alekhine"]
[BlackTeam "C.E. de BOIS COLOMBES"]
[WhiteFideId "14500116"]
[BlackFideId "3700488"]
[EventDate "2016.05.28"]

1. e4 e5 2. Nf3 Nc6 3. Bb5 a6 4. Ba4 Nf6 5. O-O Be7 6. d3 b5 7. Bb3 O-O 8. Nc3
d6 9. a3 Be6 10. Be3 d5 11. Bg5 d4 12. Bxf6 Bxf6 13. Nd5 Be7 14. Nxe7+ Qxe7 15.
Bd5 Bxd5 16. exd5 Nd8 17. a4 Qd6 18. axb5 Qxd5 19. bxa6 Nc6 20. c3 dxc3 21. bxc3
Rfd8 22. Qa4 Nb8 23. Qa5 Qxa5 24. Rxa5 Nc6 25. Rc5 Rxa6 26. Nxe5 Nxe5 27. Rxe5
Ra2 28. d4 c6 29. g4 Rc2 30. Rc5 Rd6 31. Re1 h6 32. Re8+ Kh7 33. Kf1 g6 34. h4
Rf6 35. Re2 Rc1+ 36. Kg2 Kg7 37. g5 hxg5 38. hxg5 Rd6 39. Re7 Rd5 40. Rxd5 cxd5
41. Rc7 Kf8 42. Kf3 Rc2 43. Ke3 Ke8 44. f3 Kd8 45. Rxf7 Rxc3+ 46. Kf4 Ke8 47.
Rf6 1-0

[Event "TCh-FRA Top 12 2016"]
[Site "Drancy FRA"]
[Date "2016.06.05"]
[Round "9.5"]
[Board "4"]
[White "Cornette, Matthieu"]
[Black "Stevic, Hrvoje"]
[Result "0-1"]
[WhiteTitle "GM"]
[BlackTitle "GM"]
[WhiteElo "2579"]
[BlackElo "2607"]
[WhiteTeam "C.E. de BOIS COLOMBES"]
[BlackTeam "NICE Alekhine"]
[WhiteFideId "620084"]
[BlackFideId "14502569"]
[EventDate "2016.05.28"]

1. Nf3 d5 2. c4 dxc4 3. e4 Bg4 4. Bxc4 e6 5. Qb3 Bxf3 6. gxf3 Nc6 7. Qxb7 Nd4 8.
Bb5+ Ke7 9. b3 f6 10. Bc4 Kf7 11. Bb2 Nc2+ 12. Kd1 Nxa1 13. f4 Rb8 14. Qc6 Qd6
15. Qxd6 Bxd6 16. f5 Be5 17. Bxe6+ Kf8 18. Nc3 Nxb3 19. axb3 Ne7 20. Ba3 Bd6 21.
Bxd6 cxd6 22. Ke2 g6 23. Ra1 Rb7 24. Ra6 gxf5 25. exf5 d5 26. Nxd5 Nxd5 27. Bxd5
Re7+ 28. Be6 Kg7 29. d4 Rb8 30. Kd3 Rc7 31. Ke4 Kf8 32. h4 Ke7 33. h5 Rb6 34.
Ra1 Kd6 35. h6 Rb8 36. Kf4 Rb4 37. Bc4 Rb8 38. Kg4 Re7 39. Kh5 Rc7 40. Rg1 Re8
41. Ra1 Rb8 42. f3 Rd7 43. Rg1 Rc7 44. Rg7 Rf8 45. Be6 Rh8 46. Rxc7 Kxc7 47. Bf7
Kd6 48. Bg6 Rg8 49. f4 Ke7 50. b4 Rd8 51. Bxh7 Kf8 52. Kg6 Rd7 53. b5 Rd6 54.
Kh5 Rxd4 55. Bg6 Rd1 56. Kg4 Rb1 57. h7 Kg7 58. Be8 Rb3 59. Bd7 Kxh7 60. Bc6 Kg7
61. Bd7 Kf8 62. Kh5 Rc3 0-1

[Event "TCh-FRA Top 12 2016"]
[Site "Drancy FRA"]
[Date "2016.06.05"]
[Round "9.5"]
[Board "5"]
[White "Rambaldi, Francesco"]
[Black "Bauer, Christian"]
[Result "1/2-1/2"]
[WhiteTitle "GM"]
[BlackTitle "GM"]
[WhiteElo "2554"]
[BlackElo "2634"]
[WhiteTeam "NICE Alekhine"]
[BlackTeam "C.E. de BOIS COLOMBES"]
[WhiteFideId "20657307"]
[BlackFideId "603767"]
[EventDate "2016.05.28"]

1. d4 f5 2. g3 Nf6 3. Bg2 d6 4. b3 g6 5. Bb2 Bg7 6. e3 O-O 7. Ne2 Qe8 8. O-O e5
9. c4 Na6 10. Nbc3 e4 11. f3 exf3 12. Rxf3 Bd7 13. Nf4 c6 14. Qf1 g5 15. Nd3 Qg6
16. Ba3 Ng4 17. Nf2 Nh6 18. Qd3 Rae8 19. Rf1 Nc7 20. Ne2 Rf7 21. Nd1 d5 22. Ndc3
Rf6 23. h3 Kh8 24. R3f2 Qf7 25. Kh1 Be6 26. Qd2 dxc4 27. e4 cxb3 28. axb3 Bxb3
29. e5 Rg6 30. Rb1 a5 31. Bd6 a4 32. Nxa4 Nb5 33. Nb6 Nxd6 34. exd6 Rxd6 35.
Qxg5 Bc2 36. Rb2 Bd1 37. Rd2 Qb3 38. Nc1 Re1+ 39. Kh2 Qxb6 40. Nd3 Re8 41. Rxd1
Rxd4 42. Rff1 Qb3 43. Nf2 f4 44. gxf4 Rxf4 45. Rb1 Qf7 46. Nd3 Rf5 47. Qg3 Rg8
48. Rxf5 Nxf5 49. Qf4 Bd4 50. Rf1 Qg7 51. Qg4 Qc7+ 52. Qf4 Qg7 53. Qg4 Qxg4 54.
hxg4 Ne3 55. Rf7 Nxg2 56. Kxg2 Rxg4+ 57. Kf3 Rg7 58. Rf8+ Rg8 59. Rf7 b5 60. Rc7
c5 61. Rb7 b4 62. Ke4 h6 63. Nxb4 cxb4 64. Kxd4 Rg4+ 65. Ke5 Kg8 66. Kf6 h5 67.
Rb8+ Kh7 68. Rb7+ Kh6 69. Rb8 Rf4+ 70. Ke5 Rf1 71. Rxb4 Kg5 72. Rb8 Re1+ 73. Kd4
h4 74. Rg8+ Kf4 75. Rf8+ Kg3 76. Rg8+ Kh2 77. Kd3 Rg1 78. Rh8 Rg4 79. Ke3 h3 80.
Kf3 Rg1 81. Ra8 Kh1 82. Rh8 h2 83. Kf2 Rg2+ 84. Kf1 Rg7 85. Rf8 1/2-1/2

[Event "TCh-FRA Top 12 2016"]
[Site "Drancy FRA"]
[Date "2016.06.05"]
[Round "9.5"]
[Board "6"]
[White "Maze, Sebastien"]
[Black "Babault, Patrice"]
[Result "1-0"]
[WhiteTitle "GM"]
[BlackTitle "FM"]
[WhiteElo "2614"]
[BlackElo "2412"]
[WhiteTeam "C.E. de BOIS COLOMBES"]
[BlackTeam "NICE Alekhine"]
[WhiteFideId "613762"]
[BlackFideId "623822"]
[EventDate "2016.05.28"]

1. e4 c6 2. d4 d5 3. e5 Bf5 4. Nf3 e6 5. Be2 c5 6. Be3 cxd4 7. Nxd4 Ne7 8. c4
Nbc6 9. Nc3 a6 10. cxd5 Nxd5 11. Nxf5 Nxc3 12. bxc3 Qxd1+ 13. Rxd1 exf5 14. f4
Rc8 15. g4 Na5 16. Bd4 fxg4 17. Bxg4 Rd8 18. Ke2 1-0

[Event "TCh-FRA Top 12 2016"]
[Site "Drancy FRA"]
[Date "2016.06.05"]
[Round "9.5"]
[Board "7"]
[White "Sulava, Nenad"]
[Black "Vuilleumier, Alexandre"]
[Result "0-1"]
[WhiteTitle "GM"]
[BlackTitle "IM"]
[WhiteElo "2416"]
[BlackElo "2384"]
[WhiteTeam "NICE Alekhine"]
[BlackTeam "C.E. de BOIS COLOMBES"]
[WhiteFideId "14500205"]
[BlackFideId "1305662"]
[EventDate "2016.05.28"]

1. Nf3 d6 2. d4 f5 3. Nc3 Nf6 4. Bg5 g6 5. Bxf6 exf6 6. e3 d5 7. Bd3 Be6 8. h4
Nc6 9. h5 g5 10. Ne2 Qd7 11. c3 Bd6 12. Qc2 O-O-O 13. b4 Kb8 14. Nd2 f4 15. exf4
gxf4 16. Nb3 Qg7 17. Rg1 Bg4 18. Nc5 Rhe8 19. O-O-O Bxh5 20. Bb5 a6 21. Bd3 Bg6
22. Nb3 Bxb4 23. Bxg6 Qxg6 24. Nxf4 Qh6 25. g3 Bd6 26. Qd2 Bxf4 27. Qxf4 Qxf4+
28. gxf4 b6 29. Rde1 Kc8 30. Re3 Rxe3 31. fxe3 Re8 32. Kd2 Ne7 33. Rh1 Nf5 34.
Rh3 h5 35. Kd3 h4 36. Nd2 Kd7 37. a4 Rg8 38. a5 bxa5 39. e4 Rg3+ 40. Rxg3 dxe4+
41. Nxe4 0-1

[Event "TCh-FRA Top 12 2016"]
[Site "Drancy FRA"]
[Date "2016.06.05"]
[Round "9.5"]
[Board "8"]
[White "Guichard, Pauline"]
[Black "Collas, Silvia"]
[Result "1/2-1/2"]
[WhiteTitle "WGM"]
[BlackTitle "IM"]
[WhiteElo "2386"]
[BlackElo "2308"]
[WhiteTeam "C.E. de BOIS COLOMBES"]
[BlackTeam "NICE Alekhine"]
[WhiteFideId "639370"]
[BlackFideId "2902265"]
[EventDate "2016.05.28"]

1. d4 Nf6 2. c4 c5 3. d5 b5 4. Nf3 g6 5. Nc3 b4 6. Nb1 a5 7. Nbd2 Bg7 8. e4 d6
9. Bd3 Nbd7 10. O-O O-O 11. a4 e5 12. Re1 Nh5 13. Nb3 h6 14. Bf1 Nb6 15. Be3 Qc7
16. Nfd2 Nf6 17. f3 Nh7 18. Nc1 f5 19. Nd3 f4 20. Bf2 Bd7 21. b3 h5 22. Be2 g5
23. Kh1 Rf6 24. Rg1 Raf8 25. g3 fxg3 26. Rxg3 Kh8 27. Be3 Bh6 28. Qg1 h4 29. Rg2
Bh3 30. Rf2 Qg7 31. Bf1 g4 32. Bxh6 Qxh6 33. Bxh3 gxh3 34. Qg4 Qe3 35. Rg1 R6f7
36. f4 Nf6 37. Qg6 Nbd7 38. Rf3 Qxd2 39. Rxh3 Nh7 40. fxe5 dxe5 41. Rf3 Nhf6 42.
Rxf6 Nxf6 43. Nxe5 Qf4 44. Nxf7+ Rxf7 45. Qxf7 Qf3+ 46. Rg2 Qf1+ 1/2-1/2

[Event "TCh-FRA Top 12 2016"]
[Site "Drancy FRA"]
[Date "2016.06.05"]
[Round "9.6"]
[Board "1"]
[White "Donchenko, Alexander"]
[Black "Fressinet, Laurent"]
[Result "0-1"]
[WhiteTitle "GM"]
[BlackTitle "GM"]
[WhiteElo "2569"]
[BlackElo "2692"]
[WhiteTeam "VANDOEUVRE Echecs"]
[BlackTeam "CLICHY Echecs 92"]
[WhiteFideId "24603295"]
[BlackFideId "608742"]
[EventDate "2016.05.28"]

1. d4 d5 2. c4 c6 3. Nf3 Nf6 4. Nc3 e6 5. Bg5 Nbd7 6. e3 h6 7. Bh4 g5 8. Bg3 Nh5
9. Bd3 Nxg3 10. hxg3 Bg7 11. Qc2 Qe7 12. O-O-O O-O 13. g4 Rd8 14. Kb1 a6 15. Ne2
dxc4 16. Bh7+ Kf8 17. Qxc4 Nf6 18. Qc2 Nxg4 19. Ng3 Bd7 20. Qe2 Nf6 21. Bc2 c5
22. Ne5 Bc6 23. Bg6 Be8 24. Bc2 Rac8 25. Qf3 Qc7 26. Bb3 cxd4 27. exd4 Bc6 28.
Nxc6 Qxc6 29. d5 Nxd5 30. Nh5 Nf6 31. Qxc6 Rxd1+ 32. Bxd1 Rxc6 33. Nxf6 Bxf6 34.
Rxh6 Bd4 35. f3 Rd6 36. Bc2 Bg7 37. Rh5 Bf6 38. Kc1 Bd4 39. Kb1 Be3 40. Rh8+ Kg7
41. Rb8 b6 42. b4 Rd2 43. g4 Rf2 44. Be4 Bd4 45. a3 Rb2+ 46. Kc1 Ra2 47. Rd8
Be3+ 48. Kb1 Rxa3 49. Rd3 Rxd3 50. Bxd3 a5 51. Kc2 Kf6 52. bxa5 bxa5 53. Bc4 Ke5
54. Kd3 Kf4 55. Ke2 a4 56. Ba2 a3 57. Bb3 Bc5 58. Ba2 Bb6 59. Bb3 Ke5 60. Kd3 f5
61. Bc4 Kf6 62. Bb3 e5 63. gxf5 Kxf5 64. Bd5 Kf4 65. Ke2 Bc7 66. Kf2 e4 67. fxe4
g4 0-1

[Event "TCh-FRA Top 12 2016"]
[Site "Drancy FRA"]
[Date "2016.06.05"]
[Round "9.6"]
[Board "2"]
[White "Vachier-Lagrave, Maxime"]
[Black "Savina, Anastasia"]
[Result "1-0"]
[WhiteTitle "GM"]
[BlackTitle "IM"]
[WhiteElo "2788"]
[BlackElo "2387"]
[WhiteTeam "CLICHY Echecs 92"]
[BlackTeam "VANDOEUVRE Echecs"]
[WhiteFideId "623539"]
[BlackFideId "4196872"]
[EventDate "2016.05.28"]

1. g3 e5 2. c4 Nc6 3. Bg2 f5 4. Nc3 Nf6 5. e3 d6 6. d4 Be7 7. Nge2 O-O 8. O-O
Qe8 9. Nd5 Bd8 10. Nec3 e4 11. Nxf6+ Bxf6 12. Bd2 Ne7 13. f3 exf3 14. Bxf3 c6
15. Rc1 Be6 16. Ne2 Bf7 17. Nf4 Rd8 18. Qa4 g5 19. Nd3 c5 20. Qxe8 Rfxe8 21.
Bxb7 cxd4 22. b3 Bg6 23. e4 Rb8 24. Ba6 Kg7 25. exf5 Nxf5 26. c5 dxc5 27. Nxc5
Rb6 28. Bd3 Ne3 29. Rfe1 Bxd3 30. Nxd3 Rbe6 31. Rc5 Kg6 32. Ra5 Bd8 33. Rxa7 Bb6
34. Rb7 Rf6 35. a4 Ref8 36. Bxe3 dxe3 37. Ne5+ Kh6 38. Ng4+ Kh5 39. Nxf6+ Rxf6
40. Rxb6 Rxb6 41. Rxe3 Rc6 42. Re2 Rc1+ 43. Kg2 Rb1 44. Ra2 Rxb3 45. a5 Rb7 46.
a6 Ra7 47. Kf3 h6 48. Ra5 Kg6 49. Ke4 Kf6 50. Kd5 Kf5 51. Ra4 1-0

[Event "TCh-FRA Top 12 2016"]
[Site "Drancy FRA"]
[Date "2016.06.05"]
[Round "9.6"]
[Board "3"]
[White "Hamitevici, Vladimir"]
[Black "Tregubov, Pavel V."]
[Result "0-1"]
[WhiteTitle "IM"]
[BlackTitle "GM"]
[WhiteElo "2468"]
[BlackElo "2593"]
[WhiteTeam "VANDOEUVRE Echecs"]
[BlackTeam "CLICHY Echecs 92"]
[WhiteFideId "13902393"]
[BlackFideId "4115341"]
[EventDate "2016.05.28"]

1. c4 c5 2. Nc3 g6 3. e3 Bg7 4. g3 Nc6 5. Bg2 e5 6. Nge2 Nge7 7. O-O O-O 8. b3
a6 9. Bb2 d6 10. f4 Rb8 11. fxe5 Nxe5 12. Nf4 b5 13. cxb5 axb5 14. d4 Ng4 15.
Ncd5 Nxd5 16. Nxd5 Be6 17. Re1 Bxd5 18. Qxg4 Bxg2 19. Kxg2 Qa5 20. Qf3 Rbc8 21.
e4 Bxd4 22. Bxd4 cxd4 23. Qd3 Rc3 24. Qxd4 Rc2+ 25. Kg1 Rfc8 26. Rf1 Rd2 27. Qf6
Qa7+ 28. Rf2 Re8 29. a4 Re6 30. Qf4 Re2 31. Rf1 bxa4 32. bxa4 R6xe4 33. Qxf7+
Qxf7 34. Rxf7 Rxa4 35. Rd7 Raa2 36. Rc1 Rg2+ 37. Kh1 Rxh2+ 38. Kg1 Rag2+ 39. Kf1
Rf2+ 40. Ke1 Rf7 41. Rc8+ Kg7 42. Rxd6 Ra7 0-1

[Event "TCh-FRA Top 12 2016"]
[Site "Drancy FRA"]
[Date "2016.06.05"]
[Round "9.6"]
[Board "4"]
[White "Hammer, Jon Ludvig"]
[Black "Nezar, Mustapha"]
[Result "1-0"]
[WhiteTitle "GM"]
[BlackTitle "IM"]
[WhiteElo "2689"]
[BlackElo "2364"]
[WhiteTeam "CLICHY Echecs 92"]
[BlackTeam "VANDOEUVRE Echecs"]
[WhiteFideId "1503707"]
[BlackFideId "608637"]
[EventDate "2016.05.28"]

1. Nf3 c5 2. e4 e6 3. d4 cxd4 4. Nxd4 a6 5. c4 Nf6 6. Nc3 Nc6 7. Nxc6 bxc6 8. e5
Ng8 9. Bf4 Ne7 10. Qd2 Ng6 11. Bg3 Qa5 12. f4 Bb4 13. a3 O-O 14. h4 f5 15. h5
Nh8 16. Rb1 Be7 17. Bh4 Bxh4+ 18. Rxh4 Nf7 19. Rh3 c5 20. Rd3 Rb8 21. Be2 Rd8
22. Bf3 Qc7 23. Rd1 Kf8 24. Na4 Ke8 25. b3 Bb7 26. Bxb7 Rxb7 27. Qe3 Qc6 28.
Nxc5 Rc7 29. b4 Qxg2 30. Qg3 Qh1+ 31. Kd2 Qxh5 32. Kc3 g5 33. Qg1 Qh4 34. Nxa6
Rcc8 35. Rd4 gxf4 36. Nc5 Qg3+ 37. Nd3 d6 38. Rxf4 Qxg1 39. Rxg1 dxe5 40. Rh4 h6
41. a4 e4 42. Nc5 Ke7 43. a5 Rg8 44. Rxg8 Rxg8 45. b5 Kd6 46. Nb7+ Kc7 47. a6
Rg3+ 48. Kb4 e3 49. Kc5 e2 50. b6+ Kb8 51. Na5 Nd8 52. Rh1 f4 53. Nc6+ Nxc6 54.
Kxc6 Rg7 55. Rxh6 Rg8 56. a7+ Ka8 57. Rxe6 f3 58. Kb5 e1=Q 59. Rxe1 f2 60. Ka6 1-0

[Event "TCh-FRA Top 12 2016"]
[Site "Drancy FRA"]
[Date "2016.06.05"]
[Round "9.6"]
[Board "5"]
[White "Brunner, Nicolas"]
[Black "Tkachiev, Vladislav"]
[Result "1/2-1/2"]
[WhiteTitle "IM"]
[BlackTitle "GM"]
[WhiteElo "2442"]
[BlackElo "2660"]
[WhiteTeam "VANDOEUVRE Echecs"]
[BlackTeam "CLICHY Echecs 92"]
[WhiteFideId "620246"]
[BlackFideId "618438"]
[EventDate "2016.05.28"]

1. d4 d6 2. Nf3 g6 3. c4 Nf6 4. Nc3 Bf5 5. Qb3 b6 6. g3 Bg7 7. Bg2 Nc6 8. Qd1
O-O 9. Nh4 Bd7 10. O-O Rb8 11. b3 e5 12. d5 Ne7 13. e4 a5 14. Bb2 Ng4 15. h3 Nh6
16. Qd2 f5 17. exf5 gxf5 18. f4 Nf7 19. Bf3 Ng6 20. Ng2 Qe7 21. Rae1 Rbe8 22.
Kh2 Qd8 23. Bd1 Nfh8 24. Qf2 Qf6 25. Ne2 Qf7 26. Ng1 exf4 27. gxf4 Bxb2 28. Qxb2
Qg7 29. Qxg7+ Kxg7 30. Nf3 Nf7 31. Bc2 Kf6 1/2-1/2

[Event "TCh-FRA Top 12 2016"]
[Site "Drancy FRA"]
[Date "2016.06.05"]
[Round "9.6"]
[Board "6"]
[White "Delorme, Axel"]
[Black "Iglesias, Joachim"]
[Result "1-0"]
[WhiteTitle "IM"]
[WhiteElo "2502"]
[BlackElo "2292"]
[WhiteTeam "CLICHY Echecs 92"]
[BlackTeam "VANDOEUVRE Echecs"]
[WhiteFideId "632023"]
[BlackFideId "637823"]
[EventDate "2016.05.28"]

1. d4 d6 2. Nf3 Nf6 3. c4 Nbd7 4. Nc3 c6 5. g3 e5 6. Bg2 Be7 7. Qc2 O-O 8. O-O
Re8 9. Rd1 Bf8 10. e4 a6 11. h3 b5 12. Be3 Bb7 13. cxb5 axb5 14. a3 Rc8 15. b4
Qc7 16. Rac1 Qb8 17. Qb3 exd4 18. Nxd4 c5 19. Ndxb5 Nxe4 20. Nxe4 Bxe4 21. Bxe4
Rxe4 22. Nc3 Rxe3 23. fxe3 d5 24. Kg2 cxb4 25. axb4 Qxb4 26. Qxb4 Bxb4 27. Nxd5
Rxc1 28. Rxc1 Bf8 29. Rc7 Nc5 30. Rc8 Ne6 31. Ne7+ Kh8 32. Nf5 Kg8 33. Nd4 Nc5
34. Kf3 h5 35. e4 g6 36. e5 Kg7 37. Rc7 Kg8 38. Rc8 Kg7 39. Re8 Kg8 40. Ke3 Kg7
41. Kf3 Kg8 42. Ra8 Kg7 43. h4 Kg8 44. Ne2 Ne6 45. Nf4 Nxf4 46. gxf4 Kg7 47. Ra7
Bb4 48. f5 gxf5 49. Kf4 Kg6 50. Ra6+ Kg7 51. Kxf5 Be7 52. Ra7 Kf8 53. Ra4 Kg7
54. Rf4 Bd8 55. Ke4 Ba5 56. Rf5 Bd8 57. Rxh5 Kg6 58. Rh8 Be7 59. Rg8+ 1-0

[Event "TCh-FRA Top 12 2016"]
[Site "Drancy FRA"]
[Date "2016.06.05"]
[Round "9.6"]
[Board "7"]
[White "Le Corre, Benjamin"]
[Black "Barbot, Pierre1"]
[Result "0-1"]
[WhiteTitle "FM"]
[BlackTitle "IM"]
[WhiteElo "2351"]
[BlackElo "2429"]
[WhiteTeam "VANDOEUVRE Echecs"]
[BlackTeam "CLICHY Echecs 92"]
[WhiteFideId "639605"]
[BlackFideId "663727"]
[EventDate "2016.05.28"]

1. e4 e5 2. Nf3 Nc6 3. Bb5 g6 4. h4 Nf6 5. d4 exd4 6. e5 Ng4 7. Bg5 Be7 8. Qe2
a6 9. Bxc6 dxc6 10. Nbd2 Bf5 11. Ne4 Qd5 12. Nf6+ Bxf6 13. exf6+ Be6 14. O-O-O
c5 15. Bf4 O-O-O 16. Ng5 Rhe8 17. Nxe6 Qxe6 18. Qf3 h5 19. Qg3 Nxf6 20. Bxc7 Ne4
21. Qf4 Qxa2 0-1

[Event "TCh-FRA Top 12 2016"]
[Site "Drancy FRA"]
[Date "2016.06.05"]
[Round "9.6"]
[Board "8"]
[White "Skripchenko, Almira"]
[Black "Sidibe, Malika"]
[Result "1/2-1/2"]
[WhiteTitle "IM"]
[WhiteElo "2453"]
[BlackElo "1760"]
[WhiteTeam "CLICHY Echecs 92"]
[BlackTeam "VANDOEUVRE Echecs"]
[WhiteFideId "13900145"]
[BlackFideId "643319"]
[EventDate "2016.05.28"]

1. e4 c5 2. Nf3 Nc6 3. Bb5 d6 4. O-O Bd7 5. c3 Nf6 6. Re1 e5 7. h3 Be7 8. d4 O-O
9. Bf1 Qc7 10. dxc5 dxc5 11. Bg5 Rad8 12. Nbd2 a6 13. Nh2 Be6 14. Qf3 Ne8 15.
Bxe7 Qxe7 16. Qe3 Nf6 17. Nhf3 b5 18. a4 Rb8 19. axb5 axb5 20. Ra6 Bd7 21. Nb3
c4 22. Nc5 Ra8 23. Rea1 Rxa6 24. Rxa6 Rc8 25. Rb6 Nd4 26. Nxd7 Nxf3+ 27. Qxf3
Qxd7 28. Qe3 h6 29. Be2 Qe8 30. f3 Nh5 31. Rd6 Nf4 32. Bf1 Rc6 33. Rd2 Qe7 34.
Kh2 f6 35. g3 Ne6 36. h4 Rd6 37. Bh3 Rxd2+ 38. Qxd2 Nc7 39. Bf5 g5 40. h5 Kg7
41. Kh3 Qf7 42. Kg4 Qe7 43. Qd1 Ne6 44. Qd5 Nc5 45. Kh3 Qc7 46. Kg2 Kf8 47. Bg6
Nd3 48. Qxb5 Qa7 49. Qe8+ Kg7 50. Qc8 Qf2+ 51. Kh3 Qf1+ 52. Kh2 Qf2+ 53. Kh3
Qf1+ 54. Kh2 1/2-1/2

[Event "TCh-FRA Top 12 2016"]
[Site "Drancy FRA"]
[Date "2016.06.06"]
[Round "10.1"]
[Board "1"]
[White "Solodovnichenko, Yuri"]
[Black "Heimann, Andreas"]
[Result "0-1"]
[WhiteTitle "GM"]
[BlackTitle "IM"]
[WhiteElo "2587"]
[BlackElo "2578"]
[WhiteTeam "VANDOEUVRE Echecs"]
[BlackTeam "MULHOUSE Philidor"]
[WhiteFideId "14104369"]
[BlackFideId "24624632"]
[EventDate "2016.05.28"]

1. e4 e5 2. Nf3 Nc6 3. d4 exd4 4. Nxd4 Nf6 5. Nxc6 bxc6 6. e5 Qe7 7. Qe2 Nd5 8.
c4 Ba6 9. b3 g6 10. Ba3 Nb4 11. Bb2 Bg7 12. a3 Nd5 13. Nd2 O-O 14. O-O-O Rfe8
15. Qg4 Nb4 16. Nf3 d5 17. exd6 Bxb2+ 18. Kxb2 cxd6 19. Qd4 Rab8 20. Re1 Qb7 21.
Rxe8+ Rxe8 22. Nd2 Qe7 23. Bd3 c5 24. Qf4 d5 25. Rc1 Rd8 26. Bf1 dxc4 27. Nxc4
Bxc4 28. Bxc4 Rd4 29. Qf3 Rd2+ 30. Kc3 Qe5+ 0-1

[Event "TCh-FRA Top 12 2016"]
[Site "Drancy FRA"]
[Date "2016.06.06"]
[Round "10.1"]
[Board "2"]
[White "Bluebaum, Matthias"]
[Black "Donchenko, Alexander"]
[Result "1/2-1/2"]
[WhiteTitle "GM"]
[BlackTitle "GM"]
[WhiteElo "2633"]
[BlackElo "2569"]
[WhiteTeam "MULHOUSE Philidor"]
[BlackTeam "VANDOEUVRE Echecs"]
[WhiteFideId "24651516"]
[BlackFideId "24603295"]
[EventDate "2016.05.28"]

1. d4 Nf6 2. c4 e6 3. Nf3 c5 4. d5 d6 5. Nc3 exd5 6. cxd5 g6 7. Bf4 Bg7 8. Qa4+
Bd7 9. Qb3 Qc7 10. e4 O-O 11. Nd2 Nh5 12. Be3 f5 13. exf5 Bxf5 14. Be2 Nf6 15.
Nc4 Ne4 16. O-O Nxc3 17. bxc3 Re8 18. Rfe1 Nd7 19. Bf4 Ne5 20. Nxe5 Bxe5 21. Bb5
Qg7 22. Bxe8 Bxf4 23. Ba4 Bd2 24. c4 Bxe1 25. Rxe1 Rf8 26. Qg3 Qd4 27. Bb3 Bd7
28. h3 Qf4 29. Qxf4 Rxf4 30. g3 Rf8 31. Kg2 Re8 32. Rxe8+ Bxe8 33. f4 h6 34. Kf3
Kg7 35. g4 g5 36. a4 Bg6 37. f5 Be8 38. Ke4 b6 39. Bd1 Kf6 40. Bc2 a6 41. Bd1
Bd7 42. Bb3 h5 43. Bd1 h4 44. Bb3 a5 45. Bd1 Ke7 46. Bb3 Kf7 47. Bd1 Kf6 1/2-1/2

[Event "TCh-FRA Top 12 2016"]
[Site "Drancy FRA"]
[Date "2016.06.06"]
[Round "10.1"]
[Board "3"]
[White "Bailet, Pierre"]
[Black "Sokolov, Andrei1"]
[Result "1/2-1/2"]
[WhiteTitle "IM"]
[BlackTitle "GM"]
[WhiteElo "2499"]
[BlackElo "2528"]
[WhiteTeam "VANDOEUVRE Echecs"]
[BlackTeam "MULHOUSE Philidor"]
[WhiteFideId "655830"]
[BlackFideId "627089"]
[EventDate "2016.05.28"]

1. e4 c5 2. Nf3 e6 3. Nc3 d6 4. d4 cxd4 5. Nxd4 Nf6 6. g4 h6 7. h3 a6 8. Bg2 Nc6
9. O-O Bd7 10. Be3 Rc8 11. Nxc6 Bxc6 12. a4 Be7 13. f4 Nd7 14. Qe2 O-O 15. Rad1
Qc7 16. Qf2 b5 17. axb5 axb5 18. b4 Qb7 1/2-1/2

[Event "TCh-FRA Top 12 2016"]
[Site "Drancy FRA"]
[Date "2016.06.06"]
[Round "10.1"]
[Board "4"]
[White "Gledura, Benjamin"]
[Black "Hamitevici, Vladimir"]
[Result "1-0"]
[WhiteTitle "IM"]
[BlackTitle "IM"]
[WhiteElo "2557"]
[BlackElo "2468"]
[WhiteTeam "MULHOUSE Philidor"]
[BlackTeam "VANDOEUVRE Echecs"]
[WhiteFideId "712779"]
[BlackFideId "13902393"]
[EventDate "2016.05.28"]

1. Nf3 c5 2. c4 Nc6 3. Nc3 g6 4. g3 Bg7 5. Bg2 e6 6. d4 cxd4 7. Nb5 d5 8. cxd5
exd5 9. Nbxd4 Nge7 10. O-O O-O 11. b3 Bg4 12. Bb2 Qb6 13. Nxc6 bxc6 14. Bxg7
Kxg7 15. Rc1 c5 16. Ne5 Be6 17. Nd3 c4 18. bxc4 dxc4 19. Bxa8 cxd3 20. Bg2 Rd8
21. Qd2 Nf5 22. e3 h5 23. Rfd1 Kh7 24. Rc3 h4 25. Rxd3 Rxd3 26. Qxd3 Bxa2 27. g4
Nh6 28. h3 Be6 29. Qd4 Qb3 30. Ra1 1-0

[Event "TCh-FRA Top 12 2016"]
[Site "Drancy FRA"]
[Date "2016.06.06"]
[Round "10.1"]
[Board "5"]
[White "Brunner, Nicolas"]
[Black "Istratescu, Andrei"]
[Result "0-1"]
[WhiteTitle "IM"]
[BlackTitle "GM"]
[WhiteElo "2442"]
[BlackElo "2592"]
[WhiteTeam "VANDOEUVRE Echecs"]
[BlackTeam "MULHOUSE Philidor"]
[WhiteFideId "620246"]
[BlackFideId "1200372"]
[EventDate "2016.05.28"]

1. d4 Nf6 2. c4 c5 3. d5 g6 4. Nc3 d6 5. e4 Bg7 6. h3 O-O 7. Bd3 e6 8. Nf3 exd5
9. exd5 Re8+ 10. Be3 Rxe3+ 11. fxe3 Qe7 12. O-O Nbd7 13. Qd2 Nh5 14. Qf2 Ne5 15.
Be2 Nxf3+ 16. Bxf3 Nf6 17. Qh4 Bd7 18. Be2 Re8 19. Rf3 Nxd5 20. Qxe7 Nxe7 21.
Rd1 Bc6 22. e4 Bd4+ 23. Kh1 f5 24. Rf4 Be5 25. Rff1 fxe4 26. Bg4 Kg7 27. Rde1
Bxc3 28. bxc3 Ng8 29. Rd1 h5 30. Be2 Re6 31. Rd2 Nh6 32. Kg1 Nf5 33. Re1 Kf6 34.
Bd1 h4 35. Bc2 e3 36. Rdd1 Be4 37. Ba4 Bc6 38. Bxc6 bxc6 39. Rb1 d5 40. Rb7 d4
41. Rd7 Ke5 42. a4 Rd6 43. Rxd6 Nxd6 44. Kf1 Ke4 45. cxd4 cxd4 46. Rb1 Nxc4 47.
Rb7 a5 48. Rc7 d3 49. Rxc6 d2 50. Ke2 Nb2 0-1